Jean-François Perrin, Rousseau, le chemin de ronde, Paris, Hermann, 2014, 470 p. (notice n° 1635080)
[ vue normale ]
| 000 -LEADER | |
|---|---|
| fixed length control field | 00513cam a2200145 4500500 |
| 005 - DATE AND TIME OF LATEST TRANSACTION | |
| control field | 20260111141919.0 |
| 041 ## - LANGUAGE CODE | |
| Language code of text/sound track or separate title | fre |
| 042 ## - AUTHENTICATION CODE | |
| Authentication code | dc |
| 100 10 - MAIN ENTRY--PERSONAL NAME | |
| Personal name | Hartmann, Pierre |
| Relator term | author |
| 245 00 - TITLE STATEMENT | |
| Title | Jean-François Perrin, Rousseau, le chemin de ronde, Paris, Hermann, 2014, 470 p. |
| 260 ## - PUBLICATION, DISTRIBUTION, ETC. | |
| Date of publication, distribution, etc. | 2015.<br/> |
| 500 ## - GENERAL NOTE | |
| General note | 65 |
| 786 0# - DATA SOURCE ENTRY | |
| Note | Dix-huitième siècle | 47 | 1 | 2015-06-17 | p. LVII-LVII | 0070-6760 |
| 856 41 - ELECTRONIC LOCATION AND ACCESS | |
| Uniform Resource Identifier | <a href="https://shs.cairn.info/revue-dix-huitieme-siecle-2015-1-page-LVII?lang=fr&redirect-ssocas=7080">https://shs.cairn.info/revue-dix-huitieme-siecle-2015-1-page-LVII?lang=fr&redirect-ssocas=7080</a> |
Pas d'exemplaire disponible.




Réseaux sociaux